| 000 | 01015nam a22002537a 4500 | ||
|---|---|---|---|
| 001 | 7555 | ||
| 003 | FISKH | ||
| 005 | 20250724093504.0 | ||
| 008 | 250724b cb ||||| |||| 00| 0 eng d | ||
| 020 | _a9789673315598 | ||
| 040 |
_aFISKH _beng _cFISKH _dFISKH |
||
| 050 | _aPZ7 | ||
| 082 | _a428.1 | ||
| 100 | _aAnonymous | ||
| 245 | _aAlphabet G / | ||
| 490 |
_aWriting practice : _vFor little hands |
||
| 505 | _aaa | ||
| 520 | _a"Writing Practice: Alphabet (Lower Case) – For Little Hands" is a wipe-clean handwriting practice book designed for young children who are just beginning to learn how to write. With bold letters, traceable dotted guidelines, and simple visuals, this book allows early learners to practice forming lowercase letters with a whiteboard marker, making it reusable and engaging. | ||
| 521 | 8 |
_a50
_bLexile estimate |
|
| 521 | 8 |
_aaa
_bRaz-Plus |
|
| 650 |
_aAlphabet _vEarly learning _xLowercase letters _yHandwriting practice |
||
| 942 |
_2ddc _cBK _n0 |
||
| 999 |
_c7555 _d7555 |
||